Bullying victimization in schools: Why the Whole School, Whole Community, Whole Child model is essential

Guardado en:  
Detalles Bibliográficos
Autores principales: Brewer, Steven L. (Autor) ; Kulik, Keri S. (Autor) ; Brewer, Hannah J. (Autor)
Tipo de documento: Electrónico Artículo
Lenguaje:Inglés
Publicado: 2018
En: The journal of school health
Año: 2018, Volumen: 88, Número: 11, Páginas: 794-802
Acceso en línea: Volltext (lizenzpflichtig)
Verificar disponibilidad: HBZ Gateway

MARC

LEADER 00000caa a22000002c 4500
001 1912470772
003 DE-627
005 20250114054938.0
007 cr uuu---uuuuu
008 241217s2018 xx |||||o 00| ||eng c
024 7 |a 10.1111/josh.12686  |2 doi 
035 |a (DE-627)1912470772 
035 |a (DE-599)KXP1912470772 
040 |a DE-627  |b ger  |c DE-627  |e rda 
041 |a eng 
084 |a 2,1  |2 ssgn 
100 1 |a Brewer, Steven L.  |e VerfasserIn  |4 aut 
245 1 0 |a Bullying victimization in schools: Why the Whole School, Whole Community, Whole Child model is essential 
264 1 |c 2018 
336 |a Text  |b txt  |2 rdacontent 
337 |a Computermedien  |b c  |2 rdamedia 
338 |a Online-Ressource  |b cr  |2 rdacarrier 
700 1 |a Kulik, Keri S.  |e VerfasserIn  |4 aut 
700 1 |a Brewer, Hannah J.  |e VerfasserIn  |4 aut 
773 0 8 |i Enthalten in  |t The journal of school health  |d Kent, Ohio : ASHA, 1930  |g 88(2018), 11, Seite 794-802  |h Online-Ressource  |w (DE-627)341339407  |w (DE-600)2066647-0  |w (DE-576)273868314  |x 1746-1561  |7 nnas 
773 1 8 |g volume:88  |g year:2018  |g number:11  |g pages:794-802 
787 0 8 |i Forschungsdaten  |a USA. Bureau of Justice Statistics  |t National Crime Victimization Survey: School Crime Supplement, 2013  |d [Erscheinungsort nicht ermittelbar] : [Verlag nicht ermittelbar], 2014  |w (DE-627)1840046228 
856 4 0 |u https://doi.org/10.1111/josh.12686  |x Resolving-System  |z lizenzpflichtig  |3 Volltext  |7 1 
935 |a mkri 
951 |a AR 
ELC |a 1 
LOK |0 000 xxxxxcx a22 zn 4500 
LOK |0 001 4637436265 
LOK |0 003 DE-627 
LOK |0 004 1912470772 
LOK |0 005 20241217044207 
LOK |0 008 241217||||||||||||||||ger||||||| 
LOK |0 035   |a (DE-2619)ICPSR133816 
LOK |0 040   |a DE-2619  |c DE-627  |d DE-2619 
LOK |0 092   |o n 
LOK |0 852   |a DE-2619 
LOK |0 852 1  |9 00 
LOK |0 935   |a nacp 
LOK |0 939   |a 17-12-24  |b l01 
ORI |a SA-MARC-krimdoka001.raw